Legal machinery for peaceful change / (Record no. 148578)

MARC details
000 -LEADER
campo de control de longitud fija 00757nam a2200217 4500
001 - NÚMERO DE CONTROL
campo de control 148578
003 - IDENTIFICADOR DE NÚMERO DE CONTROL
campo de control ES-MaACL
005 - FECHA Y HORA DE LA ÚLTIMA TRANSACCIÓN
campo de control 20230906202717.0
007 - CAMPO FIJO DE DESCRIPCIÓN FÍSICA--INFORMACIÓN GENERAL
campo de control de longitud fija t|
008 - DATOS DE LONGITUD FIJA--INFORMACIÓN GENERAL
campo de control de longitud fija 070214s1937 xxk r ||||1| eng d
100 1# - ENTRADA PRINCIPAL--NOMBRE DE PERSONA
Nombre de persona Strupp, Karl.
9 (RLIN) 108468
245 10 - MENCIÓN DEL TÍTULO
Título Legal machinery for peaceful change /
Mención de responsabilidad, etc. by Karl Strupp ; préface de Georges Scelle.
260 ## - PUBLICACIÓN, DISTRIBUCIÓN, ETC.
Lugar de publicación, distribución, etc. London :
Nombre del editor, distribuidor, etc. Stevens and sons,
Fecha de publicación, distribución, etc. 1937 (
Fabricante The Whitefriars Press)
300 ## - DESCRIPCIÓN FÍSICA
Extensión XXVI, 85 p. ;
Dimensiones 22 cm.
490 1# - MENCIÓN DE SERIE
Mención de serie The New Commonwealth Institute monographs. Serie B ;
Designación de volumen o secuencia 4
700 1# - ENTRADA AGREGADA--NOMBRE PERSONAL
Nombre de persona Scelle, Georges.
9 (RLIN) 104157
710 2# - ENTRADA AGREGADA--NOMBRE DE ENTIDAD CORPORATIVA
Nombre de entidad corporativa o nombre de jurisdicción como elemento de entrada New Commonwealth Institute.
9 (RLIN) 5990
830 0# - PUNTO DE ACCESO ADICIONAL DE SERIE-TÍTULO UNIFORME
Título uniforme The New Commonwealth Institute monographs. Serie B ;
Designación de volumen o secuencia 4
9 (RLIN) 221022
852 ## - LOCALIZACIÓN
Ubicación ES-MaACL
Número de control de estantería C-4377
Holdings
Estatus retirado Estado de pérdida Estado de daño No para préstamo Biblioteca de origen Biblioteca actual Ubicación en estantería Fecha de adquisición Fuente de adquisición Total de préstamos Signatura topográfica completa Código de barras Visto por última vez Precio de reemplazo Tipo de ítem Koha
        Biblioteca del Ateneo de Madrid Biblioteca del Ateneo de Madrid Sala Palomar 17/01/2008     C-4377 1155051 23/02/2023 23/02/2023 Libro impreso